LEADER 01541nam0 22003613i 450 001 VEA0061898 005 20231121125919.0 010 $a8845306895 020 $aIT$b94-11206 100 $a20141021d1994 ||||0itac50 ba 101 | $aita 102 $ait 181 1$6z01$ai $bxxxe 182 1$6z01$an 200 1 $a˜Il œtrade marketing$eil mercato, i canali distributivi, i rapporti industria e distribuzione, il mix, la comunicazione$fEnrico Beltramini, Carlo Gaeta$gprefazione di Edoardo Teodoro Brioschi 210 $aMilano$cETAS libri$d1994 215 $aXI, 228 p.$d24 cm. 225 | $aGestione d'impresa$i. Marketing e vendite 410 0$1001CFI0165486$12001 $aGestione d'impresa$i. Marketing e vendite 606 $aOrganizzazioni commerciali$xMarketing$2FIR$3RMLC377312$9I 676 $a380.1065$9$v20 700 1$aBeltramini$b, Enrico$3CFIV127218$4070$0115598 701 1$aGaeta$b, Carlo$3VEAV033179$4070$0116231 702 1$aBrioschi$b, Edoardo Teodoro$3CFIV054657 790 1$aBrioschi$b, Edoardo T.$3MILV181382$zBrioschi, Edoardo Teodoro 801 3$aIT$bIT-01$c20141021 850 $aIT-FR0098 899 $aBiblioteca Area Giuridico Economica$bFR0098 912 $aVEA0061898 950 0$aBiblioteca Area Giuridico Economica$d 53IMP 5062SCAF$e 53VM 0000089635 VM barcode:ECO009870. - Inventario:5062. - Fondo:Sala consultazioneVM$fA $h19990930$i20121204 977 $a 53 996 $aTrade marketing$970118 997 $aUNICAS LEADER 02856nam 2200817 a 450 001 9910972739203321 005 20251205222035.0 010 $a9786612559433 010 $a9781473903869 010 $a1473903866 010 $a9781857022254 010 $a1857022254 010 $a9781446219928 010 $a1446219925 010 $a9781282559431 010 $a1282559435 010 $a9780857022257 010 $a0857022253 035 $a(CKB)2520000000007249 035 $a(EBL)483321 035 $a(OCoLC)609855749 035 $a(SSID)ssj0000341158 035 $a(PQKBManifestationID)12062172 035 $a(PQKBTitleCode)TC0000341158 035 $a(PQKBWorkID)10388837 035 $a(PQKB)11499013 035 $a(OCoLC)1017718628 035 $a(StDuBDS)EDZ0000064133 035 $a(Au-PeEL)EBL483321 035 $a(CaPaEBR)ebr10369640 035 $a(CaONFJC)MIL255943 035 $a(OCoLC)1045525411 035 $a(FINmELB)ELB133621 035 $a(MiAaPQ)EBC483321 035 $a210232 035 $a(EXLCZ)992520000000007249 100 $a20120327d2000 fy 0 101 0 $aeng 135 $aur||||||||||| 181 $ctxt 182 $cc 183 $acr 200 10$aOrganizing European space /$fChrister Jo?nsson, Sven Ta?gil and Gunnar To?rnqvist 210 $aLondon $cSAGE$dc2000 210 1$aLondon ;$aThousand Oaks, Calif. :$cSAGE Publications,$d2000. 215 $a1 online resource (216 p.) $cill., maps 300 $aDescription based upon print version of record. 311 08$a9780761966739 311 08$a0761966730 311 08$a9780761966722 311 08$a0761966722 320 $aIncludes bibliographical references (p. [191]-206) and index. 327 $aCover; Table of Contents; Introduction; 1 - State of Mind; 2 - Mapping Space; 3 - Historical Space; 4 - The Emergent State; 5 - The Resilient State; 6 - Transcending Space; 7 - Towards an Ever Closer Union?; 8 - Spatial Fragmentation; 9 - Places in Networks; 10 - Towards a New State of Mind; Bibliography; Index 330 8 $a'Organizing European Space' provides an interdisciplinary insight into the future organization of Europe. The authors consider four different ways of organising space by state, union, region and network. 606 $aTerritory, National$zEurope 606 $aGeopolitics$zEurope 607 $aEurope$xHistorical geography 615 0$aTerritory, National 615 0$aGeopolitics 676 $a320.12094 676 $a320.12094 676 $a320.1094 700 $aJo?nsson$b Christer$f1944-$0848584 701 $aTa?gil$b Sven$0688893 701 $aTo?rnqvist$b Gunnar$f1933-$0688894 801 0$bStDuBDS 801 1$bStDuBDS 906 $aBOOK 912 $a9910972739203321 996 $aOrganizing European space$94464555 997 $aUNINA